|
|
|
|
| LEADER |
00000nab a2200000 ar4500 |
| 001 |
vtls008773838 |
| 003 |
SK-MaSNL |
| 005 |
20260303062531.0 |
| 008 |
060616c2006 xo br|p|||a |000 b|slo |
| 015 |
|
|
|a SNBRB2006/06
|
| 038 |
|
|
|a SPK
|
| 040 |
|
|
|a SPKCL
|b slo
|c 1997
|e AACR2
|
| 041 |
0 |
|
|a slo
|b slo
|
| 044 |
|
|
|a xo
|c SK
|
| 080 |
|
|
|a 613.888
|2 UDC-MRF-SK2
|
| 100 |
1 |
|
|a Laurinec, Jozef
|4 aut
|9 1058428
|
| 245 |
1 |
0 |
|a Žena a hormonálna antikoncepcia
|b čo by mali ženy vedieť o svojom zdraví
|c Jozef Laurinec
|
| 300 |
|
|
|b Fotogr.
|
| 546 |
|
|
|a Res. slov.
|
| 650 |
0 |
7 |
|a hormonálna antikoncepcia
|2 snkbucl
|9 2484
|
| 773 |
0 |
|
|t Família
|g Roč. XXII, č. 2 (2006), s. 18-20
|x 1336-8184
|
| 852 |
|
|
|a SPK
|b KIS3GCP
|
| 999 |
|
|
|c 1739563
|d 1741493
|